000
00224nam a2200097Ia 4500
008
190216s9999||||xx |||||||||||||| ||und||
100
_a
Shen Wood Tayler
245
0
_a
Organic Chemistry
260
_b
Hanneman London
942
_c
BK
999
_c
1966
_d
1966